Movement into and out of the private rental sector in England (Record no. 65851)

MARC details
000 -LEADER
fixed length control field 01069cam a2200241 4500
001 - CONTROL NUMBER
control field ABS63512
008 - FIXED-LENGTH DATA ELEMENTS--GENERAL INFORMATION
fixed length control field 000000n2001 000 0 eng u
035 ## - SYSTEM CONTROL NUMBER
System control number (Sirsi) u110449
100 ## - MAIN ENTRY--PERSONAL NAME
Personal name Kemp, P.
245 ## - TITLE STATEMENT
Title Movement into and out of the private rental sector in England
260 ## - PUBLICATION, DISTRIBUTION, ETC.
Date of publication, distribution, etc. 2001
490 ## - SERIES STATEMENT
Series statement Housing Studies
Volume/sequential designation 16(1) January 2001, 21-37(17)
520 ## - SUMMARY, ETC.
Summary, etc. Using data taken from the 1996-97 survey of English housing this paper considers the reasons tenants enter and leave the private rental sector, traditionally seen as the lowest rung of the property ladder, and discusses what causes a significant number of households to return to the sector. The implications of this for the role of private renting in England are also debated. Includes statistical data and references.
590 ## - LOCAL NOTE (RLIN)
Local note ABS
650 ## - SUBJECT ADDED ENTRY--TOPICAL TERM
Topical term or geographic name entry element PRIVATE RENTED SECTOR
650 ## - SUBJECT ADDED ENTRY--TOPICAL TERM
Topical term or geographic name entry element RESIDENTIAL MOBILITY
650 ## - SUBJECT ADDED ENTRY--TOPICAL TERM
Topical term or geographic name entry element SURVEY OF ENGLISH HOUSING
650 ## - SUBJECT ADDED ENTRY--TOPICAL TERM
Topical term or geographic name entry element TENANTS
650 ## - SUBJECT ADDED ENTRY--TOPICAL TERM
Topical term or geographic name entry element TENURE PATTERNS
690 ## - LOCAL SUBJECT ADDED ENTRY--TOPICAL TERM (OCLC, RLIN)
Topical term or geographic name as entry element HOUSING-PRIVATE RENTED SECTOR
700 ## - ADDED ENTRY--PERSONAL NAME
Personal name Keoghan, M.
942 ## - ADDED ENTRY ELEMENTS (KOHA)
Suppress in OPAC 0
Holdings
Withdrawn status Lost status Source of classification or shelving scheme Damaged status Not for loan Home library Current library Shelving location Date acquired Total Checkouts Full call number Barcode Date last seen Copy number Price effective from Koha item type
    Dewey Decimal Classification     London London Journal article 07/03/2001   ABS63512 110449-1001 06/08/2019 1 06/08/2019 Journal article